000 01260nam a2200325 4500
003 OSt
005 20260530115305.0
008 260507b2009 mx a|||| |||| 00| 0 spa d
040 _aICI
_bspa
_cICI
041 _aspa
050 0 0 _aF1391.Q4
_bV39 2009
100 1 _aVázquez-Mellado Zolezzi, Jorge,
_eautor
_931811
245 1 0 _aEl nuevo Santiago de Querétaro :
_bproblemas y soluciones de la metrópolis /
_cJorge Vázquez-Mellado Zolezzi
264 1 _aQuerétaro, México :
_bGrupo Qropolis,
_c2009
300 _a295 páginas :
_bilustraciones
336 _atexto
_2rdacontent
337 _asin medio
_2rdamedia
338 _avolumen
_2rdacarrier
650 4 _aUrbanismo$x México
_xQuerétaro
_931812
650 4 _aPlaneación urbana
_xQuerétaro
_931813
650 4 _aDesarrollo urbano
_xQuerétaro
_931814
650 4 _aTransporte urbano
_xQuerétaro
_931815
650 4 _aCiudades y pueblos
_xCrecimiento
_931816
650 4 _aOrdenamiento territorial
_xMéxico
_931817
651 _aQuerétaro (México)
_xCondiciones urbanas
_931818
700 1 _aRamírez Fellowes, Alexis Hugh,
_ecolaborador
_931819
700 1 _aBulos García, Francisco,
_ecolaborador
_931820
700 1 _aRamírez Fellowes, Justin Isauro,
_ecolaborador
_931821
942 _2lcc
_cBK
_n1
999 _c13044
_d13044